<?xml version="1.0" encoding="UTF-8"?><?xml-stylesheet type="text/xsl" href="static/style.xsl"?><OAI-PMH xmlns="http://www.openarchives.org/OAI/2.0/" xmlns:xsi="http://www.w3.org/2001/XMLSchema-instance" xsi:schemaLocation="http://www.openarchives.org/OAI/2.0/ http://www.openarchives.org/OAI/2.0/OAI-PMH.xsd"><responseDate>2026-04-13T02:33:21Z</responseDate><request verb="GetRecord" identifier="oai:www.recercat.cat:10256/28463" metadataPrefix="marc">https://recercat.cat/oai/request</request><GetRecord><record><header><identifier>oai:recercat.cat:10256/28463</identifier><datestamp>2026-03-28T20:07:46Z</datestamp><setSpec>com_2072_452992</setSpec><setSpec>com_2072_2054</setSpec><setSpec>col_2072_453144</setSpec></header><metadata><record xmlns="http://www.loc.gov/MARC21/slim" xmlns:dcterms="http://purl.org/dc/terms/" xmlns:xsi="http://www.w3.org/2001/XMLSchema-instance" xmlns:doc="http://www.lyncode.com/xoai" xsi:schemaLocation="http://www.loc.gov/MARC21/slim http://www.loc.gov/standards/marcxml/schema/MARC21slim.xsd">
   <leader>00925njm 22002777a 4500</leader>
   <datafield ind2=" " ind1=" " tag="042">
      <subfield code="a">dc</subfield>
   </datafield>
   <datafield ind2=" " ind1=" " tag="720">
      <subfield code="a">Olesti i Vila, Josep</subfield>
      <subfield code="e">author</subfield>
   </datafield>
   <datafield ind2=" " ind1=" " tag="260">
      <subfield code="c">2023</subfield>
   </datafield>
   <datafield ind2=" " ind1=" " tag="520">
      <subfield code="a">Difusió pública amb autorització de © Wehrhan verlag, 2023</subfield>
   </datafield>
   <datafield ind2=" " ind1=" " tag="520">
      <subfield code="a">Très tôt, la philosophie de Leibniz a dû faire face à la suspicion que son accord avec les points fondamentaux de l’orthodoxie chrétienne était difficile, artificiel, voire insincère. Louis Dutens lui-même s’est senti obligé de préfacer le premier volume de sa grande édition d’oeuvres de Leibniz (1768) par un essai de Christian Kortholt qui plaide en faveur de la fiabilité religieuse de la philosophie leibnizienne (Disputatio de Philosophia Leibnitii Christiana Religioni haud perniciosa), qui ne serait suspecte qu’en raison de l’envie ou d’une interprétation malveillant des mots.1 Mais le fait même d’être conscient de la nécessité de surmonter ce type d’objections montre que la suspicion flotte dans l’air</subfield>
   </datafield>
   <datafield ind1="8" ind2=" " tag="024">
      <subfield code="a">https://hdl.handle.net/10256/28463</subfield>
   </datafield>
   <datafield tag="653" ind2=" " ind1=" ">
      <subfield code="a">Leibniz, Gottfried Wilhelm, Freiherr von, 1646-1716</subfield>
   </datafield>
   <datafield ind2="0" ind1="0" tag="245">
      <subfield code="a">Une lecture straussiene du "Discours préliminaire" de la Théodicée est-elle plausible?</subfield>
   </datafield>
</record></metadata></record></GetRecord></OAI-PMH>